| 000 | 00593nam a2200217 4500 | ||
|---|---|---|---|
| 003 | OSt | ||
| 005 | 20240620072802.0 | ||
| 006 | a | ||
| 008 | 240620b |||||||| |||| 00| 0 eng d | ||
| 020 | _a9780811865999 | ||
| 040 |
_aDWCL-HMN lib. _cOC |
||
| 082 | _aCirc. 641.6461 L848c 2009 | ||
| 100 | _aLongbotham, Lori | ||
| 245 | _aLuscious coconut desserts / | ||
| 260 |
_aCalifornia : _bChronicle Books, _cc2009. |
||
| 300 |
_b143 p. : col. ill. ; _c20 cm. |
||
| 504 | _aIncludes index. | ||
| 650 | _a1. Desserts. | ||
| 650 | _a2. Cooking (Coconut). | ||
| 942 |
_2ddc _n0 _cBK-CIRC _kCirc. |
||
| 999 |
_c1003 _d1003 |
||